Spí more v Llorete de Mar

Bibliographic Details
Main Author: Turčány, Viliam, 1928-2021 (Author)
Format: Article
Language:Slovak
Subjects:

MARC

LEADER 00000nab a2200000 a 4500
001 vtls000120357
003 SK-MaSNL
005 20260304071841.0
008 250423c1982 xo 0 slo
015 |a SNBRB19rr/mm-uuuuu 
035 |a CL0130462 
035 |a urn:nbn:sk:snk-abejrz 
035 |a (urnnbn)urn:nbn:sk:snk:ar-000hxz 
035 |a (uuid)80e34523-4fbb-489d-8f8f-270b68c8abe5 
040 |a SNKBUCL  |b slo  |c SNKBUCL  |e AACR2 
041 0 |a slo 
044 |a xo  |c SK 
080 |a 885.4-1  |2 1981 
100 1 |a Turčány, Viliam,  |d 1928-2021  |4 aut  |9 102025 
245 1 0 |a Spí more v Llorete de Mar  |c Viliam Turčány 
500 |a Pod spoločným názvom Španielske a grécke pohľadnice 
655 7 |a články z novín a časopisov  |2 snkbucl  |9 267496 
655 7 |a články z odboru literárna veda a krásna literatúra  |2 snkbucl  |9 770045 
655 7 |a slovenská poézia  |2 snkbucl  |9 70444 
740 0 2 |a Španielske a grécke pohľadnice 
773 0 |t Slovenské pohľady  |g Roč. 98, č. 4 (1982), s. 12-13 
850 |a Slovenská národná knižnica 
852 |a Slovenská národná knižnica 
954 |a beletria pôvodná (slovenská)  |2 lita 
958 |a article27 
958 |a RK 
958 |a LX 
958 |a OND 
958 |a EUIPO 
992 |a RBX 
999 |c 2762613  |d 2764543